000 00576nam a2200181Ia 4500
003 IN-BaIIA
008 211028s9999 xx 000 0 eng d
040 _cIIA Library
080 _a083.7:621.3
_bISI
110 _aIndian Standards Institution
245 0 _aindian Standard National Electrical Code
_cindian Standards institution
260 _aNew Delhi
_bIndian Standards Institution
_c1985
300 _axv,270p
650 _aElectrical Engineering-Standards
_914774
650 _aNASA thesaurus
650 _aStandards
_98876
942 _cBK
999 _c8787
_d8787